Neon White Missions - Statistics

General Stats
  • This quiz has been taken 10 times
  • The average score is 36 of 121
Answer Stats
Chapter Answer % Correct
Red Dominion Traversal
75%
The Burn That Cures Fireball
75%
Rebirth Purify
75%
Yellow Balloon Mountain
50%
Red Book of Life Traversal
50%
The Burn That Cures Boom
50%
Rebirth Cascade
50%
Violet Chain
50%
Rebirth Climb
50%
Killer Inside Dancer
50%
Violet Doghouse
50%
Rebirth Elevate
50%
Red Elevate Traversal I
50%
Red Elevate Traversal II
50%
Apocrypha Escalation
50%
Covenant Falling
50%
Rebirth Fasttrack
50%
Red Fireball Traversal
50%
Yellow Fisherman Suplex
50%
Rebirth Glass Port
50%
Killer Inside Godspeed
50%
Red Godspeed Traversal
50%
Thousand Pound Butterfly Marathon
50%
Reckoning Mimic
50%
Rebirth Movement
50%
Red Purify Traversal
50%
The Burn That Cures Ringer
50%
Thousand Pound Butterfly Spree
50%
Yellow STF
50%
Only Shallow Stomp
50%
Red Stomp Traversal
50%
The Old City The Clocktower
50%
The Third Temple The Third Temple
50%
The Burn That Cures Warehouse
50%
Hand of God Absolution
25%
Thousand Pound Butterfly Access
25%
Violet All Seeing Eye
25%
The Burn That Cures Apartment
25%
The Burn That Cures Arcs
25%
Yellow Arena
25%
The Old City Arrival
25%
Benediction Ascent
25%
Yellow Attitude Adjustment
25%
Apocrypha Barrage
25%
Apocrypha Bolt
25%
Rebirth Bounce
25%
Covenant Bouquet
25%
Thousand Pound Butterfly Breakthrough
25%
Reckoning Bubble
25%
Violet Choker
25%
The Burn That Cures Cleaner
25%
Thousand Pound Butterfly Closer
25%
Thousand Pound Butterfly Congregation
25%
Benediction Crash
25%
Killer Inside Dasher
25%
Only Shallow Dash Tower
25%
Only Shallow Descent
25%
Killer Inside Distinguish
25%
Apocrypha Estate
25%
Killer Inside Fastlane
25%
Benediction Firecracker
25%
The Old City Forgotten City
25%
Apocrypha Fortress
25%
Reckoning Fuse
25%
Thousand Pound Butterfly Glide
25%
Apocrypha Godstreak
25%
Reckoning Greenhouse
25%
Only Shallow Guardian
25%
Rebirth Gunner
25%
Covenant Hanging Gardens
25%
Benediction Heaven's Edge
25%
Violet Hellevator
25%
Thousand Pound Butterfly Hike
25%
The Third Temple Holy Ground
25%
Only Shallow Jumper
25%
Apocrypha Mayhem
25%
Reckoning Minefield
25%
Benediction Mirror
25%
Only Shallow Mountain
25%
Killer Inside Outstretched
25%
Reckoning Overlook
25%
Apocrypha Plunge
25%
Reckoning Pop
25%
Covenant Prepare
25%
Rebirth Pummel
25%
Covenant Race
25%
Violet Resident Saw I
25%
Violet Resident Saw II
25%
Yellow Rocket
25%
Hand of God Sacrafice
25%
Thousand Pound Butterfly Sequence
25%
Reckoning Shield
25%
Covenant Shocker
25%
Killer Inside Smackdown
25%
Only Shallow Sprint
25%
Benediction Straightaway
25%
Benediction Streak
25%
The Burn That Cures Streets
25%
Yellow Sunset Flip Powerbomb
25%
Only Shallow Superkinetic
25%
Reckoning Sweep
25%
Thousand Pound Butterfly Switch
25%
Killer Inside Take Flight
25%
Killer Inside Thrasher
25%
Apocrypha Trapwire
25%
Covenant Triptrack
25%
Benediction Zipline
25%
Only Shallow Canals
0%
Killer Inside Catwalk
0%
Benediction Chute
0%
Yellow Climbing Gym
0%
The Burn That Cures Demolition
0%
Only Shallow Driller
0%
Covenant Killswitch
0%
Violet Razor
0%
Apocrypha Ricochet
0%
The Burn That Cures Steps
0%
Benediction Swing
0%
Covenant Tangled
0%
Reckoning Trigger
0%
Covenant Waterworks
0%
No matching quizzes found
Score Distribution
Percent of People with Each Score
Percentile by Number Answered
Your Score History
You have not taken this quiz